000 00673cab a2200229 4500
001 WB3411-02
008 090401t1998 xxu||||| |||| 00| 0 eng d
035 _a(Sirsi) u85108
041 _aeng
245 _aOperating revolution
260 _c1998
350 _a0
490 _aConstruction News
_v(6557) 19 March 1998, 3(1)
520 _aMembers of the Construction Clients Forum have published a good practice agreement to improve working relationships with suppliers.
650 _aCONSTRUCTION CLIENTS FORUM
650 _aCONTRACTORS
650 _aGOOD PRACTICE
650 _aSUPPLIERS
690 _aBUILT ENVIRONMENT
942 _n0
948 _c20/03/1998
999 _c53515
_d53515